| 000 | 00987cam a22001934a 4500 | ||
|---|---|---|---|
| 005 | 20250605164109.0 | ||
| 008 | 250528s ||||||||||||||||||||||||d | ||
| 035 | _a17840 | ||
| 020 | _a9789600355482 | ||
| 040 |
_aGR-AtMCL _bgre _dGR-AtMCL _eAACR2 |
||
| 245 | 1 | _aΜη το Σκέφτεσαι...Ζήσε! / Ανακαλύπτοντας την Ευτυχία για Πάντα με τη Βοήθεια της Κοινής Λογικής | |
| 260 |
_bΚαστανιώτη, _c2013 |
||
| 300 | _a272 | ||
| 520 | _aΤο βιβλίο αυτό προσφέρει ουσιαστικές βραχυπρόθεσμες μεθόδους κοινής λογικής, που σου δίνουν τη δυνατότητα να εγκαταλείψεις την αρνητικότητα και να αντλήσεις δύναμη από τη φυσική σου υγιή κατάσταση. | ||
| 700 | 1 |
_aΚάρλσον Ρίτσαρντ _94124 |
|
| 942 | _cBK | ||
| 999 |
_c3240 _d3240 |
||